000 00494nam a2200181Ia 4500
005 20250508151707.0
008 008 250505s9999 xx 000 0 eng d
037 _aTextual
040 _aFEDL
_beng
_cFEDL
041 _aeng
_2eng
084 _a655.1, STE
_qFEDL
100 _aSteinberg S H
245 0 _aFive hundred years of printing
260 _aHarmodsworth, UK
_bPenguin books Ltd.
_c1955
300 _a277p.
942 _cTEXL
_h655.1, STE
999 _c1331475
_d1331475